Captain America Characters By Picture Quiz Stats

Quiz not verified by Sporcle

Challenge
Share
Tweet
Score 0/60 Timer 15:00
0 Plays Today
% Correct
Captain America (Steve Rogers)
99.8%
Bucky Barnes/Winter Soldier
92.4%
Black Widow (Natasha Romanov)
84%
Falcon (Samuel Wilson)
83.3%
Hulk
75.5%
Iron Man
75.3%
Hawkeye
75%
Fantastic Four
74.8%
S.H.I.E.L.D.
74.7%
The Avengers
74.4%
Red Skull
74.4%
Nick Fury jr and Phil Coulson
73%
X-Men
72.1%
Human Torch (Jim Hammond)
68.8%
Adolf Hitler
68%
Nick Fury
64.6%
Peggy Carter
61.6%
Namor: The Sub-Mariner
60.9%
MODOK
57.5%
Crossbones
57%
Sharon Carter
56.3%
The Howling Commandos
55.7%
Baron Zemo
55.6%
Hydra
55.3%
Jack O'Lantern
48.8%
U.S. Agent (John Walker)
48.2%
Arnim Zola
47.2%
A.I.M. (Advanced Idea Mechanics)
47.2%
Viper (Madame Hydra)
46.6%
Baron Von Strucker
46%
% Correct
Taskmaster
45.5%
Batroc the Leaper
39.6%
Dr. Abraham Erskine
34.1%
All-Winners Squad
33.4%
Rick Jones/A-Bomb
31%
Serpent Squad
30.3%
Hate-Monger
26.1%
Diamondback (Rachel Leighton)
25%
Dracula
24.5%
Nomad
24.3%
Howard Stark
23.8%
Doctor Faustus
23.2%
Sin
20.5%
Ultimatum
16.9%
Spirit of '76 (William Nasland)
16.7%
Reaper (Gunther Strauss)
13.8%
Yellow Claw
13.5%
Rikki Barnes
13.1%
Ameridroid
12.8%
Patriot (Jeffrey Mace)
12.6%
Battlestar (Lemar Hoskins)
12.5%
Scourge of the Underworld
12.1%
Machinesmith (Samuel Smith)
12%
Isaiah Bradley
10.5%
The Grand Director (William Burnside)
8.3%
Sleeper
6%
Golden Girl
5.8%
Heinz Kruger
5.5%
Tumbler
4.4%
Protocide
3.1%

You're not logged in!

Compare scores with friends on all Sporcle quizzes.
Sign Up with Email
OR
Log In

You Might Also Like...

Show Comments

Extras

Top Quizzes Today


Score Distribution

Your Account Isn't Verified!

In order to create a playlist on Sporcle, you need to verify the email address you used during registration. Go to your Sporcle Settings to finish the process.